THE CODE OF CIVIL PROCEDURE (Record no. 195945)

MARC details
000 -LEADER
fixed length control field 00322nam a2200145Ia 4500
008 - FIXED-LENGTH DATA ELEMENTS--GENERAL INFORMATION
fixed length control field 220923s9999 xx 000 0 und d
082 ## - DEWEY DECIMAL CLASSIFICATION NUMBER
Item number TRI
100 ## - MAIN ENTRY--PERSONAL NAME
Personal name TRIPATHI, T.P.
245 #4 - TITLE STATEMENT
Title THE CODE OF CIVIL PROCEDURE
250 ## - EDITION STATEMENT
Edition statement 8TH
260 ## - PUBLICATION, DISTRIBUTION, ETC.
Date of publication, distribution, etc. 2016
300 ## - PHYSICAL DESCRIPTION
Extent 898
650 ## - SUBJECT ADDED ENTRY--TOPICAL TERM
Topical term or geographic name entry element Civil Procedure Code
942 ## - ADDED ENTRY ELEMENTS (KOHA)
Koha item type Book
Holdings
Withdrawn status Lost status Damaged status Not for loan Home library Current library Shelving location Date acquired Cost, normal purchase price Total Checkouts Barcode Date last seen Date last checked out Price effective from Koha item type Public note
        Mewar University Central Library Mewar University Central Library Law 23/05/2017 500.00 6 L4507 29/11/2022 14/11/2022 23/05/2017 Book 4-2